|
|
|
|
| LEADER |
01524cam a2200397 i 4500 |
| 001 |
34463 |
| 003 |
BD-DhAAL |
| 005 |
20190401125005.0 |
| 008 |
190401t2018 enka b 001 0 eng d |
| 999 |
|
|
|c 40600
|d 40600
|
| 010 |
|
|
|a 2017003335
|
| 020 |
|
|
|a 9780582784109 (pbk. : alk. paper)
|
| 020 |
|
|
|a 9780415737074 (hardback : alk. paper)
|
| 020 |
|
|
|z 9781317481355 (mobipocket/kindle)
|
| 020 |
|
|
|z 9781315707945 (Master)
|
| 020 |
|
|
|z 9781317481379 (pdf)
|
| 040 |
|
|
|a DLC
|b eng
|c DLC
|e rda
|d BD-DhAAL
|
| 042 |
|
|
|a pcc
|
| 050 |
0 |
0 |
|a PR2841
|b .S57 2018
|
| 082 |
0 |
0 |
|a 821.3
|2 23
|
| 100 |
1 |
|
|a Shakespeare, William,
|d 1564-1616,
|9 30978
|
| 240 |
1 |
0 |
|a Poems.
|k Selections.
|
| 245 |
1 |
4 |
|a The complete poems of Shakespeare /
|c edited by Cathy Shrank and Raphael Lyne.
|
| 260 |
|
|
|a London ;
|a New York :
|b Routledge,
|c c2018.
|
| 300 |
|
|
|a xv, 782 pages :
|b illustrations ;
|c 26 cm.
|
| 490 |
0 |
|
|a Longman annotated English poets
|
| 504 |
|
|
|a Includes bibliographical references and index.
|
| 526 |
|
|
|a ENH
|
| 541 |
|
|
|a Parama
|e 34463
|
| 600 |
1 |
0 |
|a Shakespeare, William,
|d 1564-1616
|x Poetic works.
|9 30979
|
| 600 |
1 |
0 |
|a Shakespeare, William,
|d 1564-1616
|x Criticism and interpretation.
|9 30980
|
| 700 |
1 |
|
|a Shrank, Cathy
|9 30981
|
| 700 |
1 |
|
|a Lyne, Raphael
|9 30982
|
| 852 |
|
|
|a Ayesha Abed Library
|c General Stacks
|
| 942 |
|
|
|2 ddc
|c BK
|
| 952 |
|
|
|0 0
|1 0
|2 ddc
|4 0
|6 821_300000000000000_SHA
|7 0
|9 65221
|a BRACUL
|b BRACUL
|c GEN
|d 2019-02-26
|e Parama
|g 2129.29
|l 2
|m 6
|o 821.3 SHA
|p 3010034463
|r 2025-10-21
|s 2025-10-19
|t 1
|v 2129.29
|w 2019-02-26
|y BK
|